000 00471cam a2200157 a 4500
020 _a0072902272 (alk. paper)
040 _cDLC
082 0 0 _a791 MCG 1999 A083 Or.
100 1 _aKolker, Robert Phillip.
245 1 0 _aFilm, form, and culture /
260 _aBoston :
_bMcGraw Hill,
_cc1999.
300 _axviii, 214 p. :
_bill. ;
_c24 cm. +
_e1 computer laser optical disc (4 3/4 in.)
650 0 _aMotion pictures.
650 0 _aCulture in motion pictures.
942 _cEK
999 _c13527
_d13527